[Event "Lichtenberger Sommer 2023"]
[Site "Berlin"]
[Date "2023.08.20"]
[Round "9.20"]
[White "Möwisch, Dave"]
[Black "Krefenstein, Sergej"]
[Result "1-0"]
[WhiteElo "1922"]
[BlackElo "2065"]
[PlyCount "81"]
[EventDate "2023.??.??"]
[WhiteTeam "Potsdamer SV Mitte e.V."]
[BlackTeam "TuS Makkabi Berlin e.V."]

1. e4 c5 2. Nf3 d6 3. d4 cxd4 4. Nxd4 Nf6 5. Nc3 g6 6. Be3 Bg7 7. f3 O-O 8. Qd2
Nc6 9. Bc4 Bd7 10. O-O-O Rc8 11. Bb3 Ne5 12. Kb1 Nc4 13. Bxc4 Rxc4 14. g4 b5
15. h4 b4 16. Nce2 h5 17. Bh6 hxg4 18. h5 Rc5 19. Bxg7 Kxg7 20. hxg6 Rh8 21.
gxf7 Kxf7 22. Qxb4 Rch5 23. Rxh5 Rxh5 24. Nf4 Rh2 25. Qb3+ Ke8 26. Nd5 e6 27.
Nxf6+ Qxf6 28. Qb8+ Ke7 29. Nc6+ Bxc6 30. Qxd6+ Kf7 31. Qxh2 Qxf3 32. Qh7+ Kf6
33. Qh4+ Kf7 34. Rg1 Bxe4 35. Qxg4 Qe3 36. Qg7+ Ke8 37. Qg8+ Ke7 38. Qg5+ Qxg5
39. Rxg5 Kf6 40. Ra5 e5 41. Kc1 1-0

[Event "Lichtenberger Sommer 2023"]
[Site "Berlin"]
[Date "2023.08.20"]
[Round "9.21"]
[White "Kuban, Andreas"]
[Black "Allgaier, Erik"]
[Result "1-0"]
[WhiteElo "1740"]
[BlackElo "1922"]
[PlyCount "63"]
[EventDate "2023.??.??"]
[WhiteTeam "SC Zugzwang 95 e.V."]
[BlackTeam "SC Hans Clauert Trebbin"]

1. Nf3 d6 2. d4 g6 3. g3 Nf6 4. b3 Bg7 5. Bb2 c6 6. Bg2 O-O 7. O-O Bf5 8. Nbd2
Qd7 9. Re1 Na6 10. e4 Bh3 11. e5 Bxg2 12. Kxg2 Ne8 13. Qe2 Nec7 14. c4 d5 15.
Nf1 Ne6 16. Ne3 Nac7 17. Rad1 Rad8 18. h4 f5 19. exf6 exf6 20. h5 Rfe8 21. Qc2
Qf7 22. Rh1 Nf8 23. hxg6 hxg6 24. Ng4 Qe6 25. Nh6+ Bxh6 26. Rxh6 Qe4 27. Qc1
Kg7 28. Rdh1 g5 29. Rxf6 Kxf6 30. Qxg5+ Kf7 31. Rh4 Qg6 32. Qf4+ 1-0

[Event "Lichtenberger Sommer 2023"]
[Site "Berlin"]
[Date "2023.08.20"]
[Round "9.22"]
[White "Muskewitz, Bernd"]
[Black "Heuser, Philip"]
[Result "0-1"]
[WhiteElo "1879"]
[BlackElo "2061"]
[PlyCount "106"]
[EventDate "2023.??.??"]
[WhiteTeam "SF Nordost Berlin"]
[BlackTeam "Münchener SC 1836 e.V."]

1. e4 c6 2. Nf3 d5 3. Nc3 Bg4 4. exd5 cxd5 5. h3 Bxf3 6. Qxf3 e6 7. d4 Nc6 8.
Ne2 Nf6 9. c3 Be7 10. Ng3 O-O 11. Be2 b5 12. O-O b4 13. Re1 bxc3 14. bxc3 Rb8
15. Bf4 Rb2 16. Qd3 Bd6 17. Bc1 Rb6 18. Bd1 Qc7 19. Bc2 g6 20. Bg5 Nd7 21. Nh5
Rc8 22. Nf6+ Nxf6 23. Bxf6 Nb4 24. cxb4 Qxc2 25. Qxc2 Rxc2 26. a3 Kf8 27. Rec1
Rbc6 28. Bg5 Ke8 29. Kf1 Kd7 30. Rxc2 Rxc2 31. Rc1 Rxc1+ 32. Bxc1 Kc6 33. Ke2
Kb5 34. Kd3 a5 35. bxa5 Kxa5 36. Bg5 Bxa3 37. Bf6 Kb5 38. g4 Bd6 39. f3 Kb4 40.
h4 h5 41. gxh5 gxh5 42. Bg5 Kb3 43. Bf6 Bf4 44. Bg7 Kb2 45. Bf6 Kc1 46. Ke2 Kc2
47. Bg7 Kc3 48. Bf6 Bh2 49. Ke3 Bg1+ 50. Kf4 Bxd4 51. Bxd4+ Kxd4 52. Kg5 Ke3
53. Kxh5 d4 0-1

[Event "Lichtenberger Sommer 2023"]
[Site "Berlin"]
[Date "2023.08.20"]
[Round "9.23"]
[White "Donath, Johann"]
[Black "Beran, Rolf-Dietrich"]
[Result "1-0"]
[WhiteElo "2043"]
[BlackElo "1899"]
[PlyCount "97"]
[EventDate "2023.??.??"]
[WhiteTeam "BSV 63 Chemie Weißensee"]
[BlackTeam "SG Rot-Weiß Neuenhagen"]

1. d4 c5 2. d5 d6 3. e4 g6 4. Nc3 Bg7 5. Bb5+ Bd7 6. a4 a6 7. Be2 Nf6 8. Nf3
Bg4 9. Nd2 Bxe2 10. Qxe2 O-O 11. O-O Ne8 12. Nc4 Nd7 13. a5 Nc7 14. Na4 Rb8 15.
Nab6 Nxb6 16. Nxb6 Na8 17. Nc4 Nc7 18. Bg5 h6 19. Bh4 g5 20. Bg3 f5 21. f4 Qe8
22. Rad1 Qg6 23. exf5 Rxf5 24. Qxe7 Nxd5 25. Qxd6 Qxd6 26. Nxd6 Ne3 27. Nxf5
Nxf5 28. fxg5 Nxg3 29. hxg3 Bxb2 30. Rd6 Bd4+ 31. Kh2 hxg5 32. Rg6+ Kh7 33.
Rxg5 Kh6 34. Rg4 b6 35. Kh3 bxa5 36. Kh4 Rb6 37. Rf5 Kh7 38. Rh5+ Rh6 39. Rxh6+
Kxh6 40. Rg8 a4 41. Ra8 c4 42. Rxa6+ Kg7 43. Rxa4 Bf6+ 44. Kg4 c3 45. Kf5 Kf7
46. g4 Kg7 47. g5 Be7 48. Ra7 Kf8 49. Rxe7 1-0

[Event "Lichtenberger Sommer 2023"]
[Site "Berlin"]
[Date "2023.08.20"]
[Round "9.24"]
[White "Hoffmann, Kay"]
[Black "Mazurtsova, Margarita"]
[Result "1-0"]
[WhiteElo "2036"]
[BlackElo "1526"]
[PlyCount "77"]
[EventDate "2023.??.??"]
[WhiteTeam "Barnimer SF im SV Sta"]
[BlackTeam "SC Kreuzberg e.V."]

1. d4 d5 2. Bf4 Bf5 3. e3 e6 4. Nf3 Nf6 5. Be2 Bd6 6. Ne5 Nc6 7. g4 Bg6 8. h4
Nb4 9. Na3 h6 10. Nxg6 fxg6 11. Bxd6 Qxd6 12. c3 Nc6 13. Bd3 Ne7 14. Qe2 O-O-O
15. Nb5 Qb6 16. a4 Kb8 17. a5 Qc6 18. a6 b6 19. Rc1 Rhf8 20. O-O Qd7 21. f3 Ne8
22. c4 Nd6 23. c5 Nxb5 24. Bxb5 c6 25. cxb6 Qd6 26. bxa7+ Kxa7 27. Ba4 Qg3+ 28.
Qg2 Qxg2+ 29. Kxg2 Rc8 30. Rc5 Kxa6 31. Rfc1 Kb6 32. b4 g5 33. hxg5 hxg5 34. b5
Rh8 35. bxc6 Kc7 36. Ra5 Kb6 37. Rb5+ Kc7 38. Rb7+ Kd6 39. Rd7# 1-0

[Event "Lichtenberger Sommer 2023"]
[Site "Berlin"]
[Date "2023.08.20"]
[Round "9.25"]
[White "Bezhenar, Georgy"]
[Black "Möller, Jared William"]
[Result "1/2-1/2"]
[WhiteElo "1833"]
[BlackElo "1979"]
[PlyCount "58"]
[EventDate "2023.??.??"]
[WhiteTeam "SC Kreuzberg e.V."]
[BlackTeam "SV Glück auf Rüdersdorf e.V."]

1. d4 d5 2. c4 e6 3. Nc3 c5 4. cxd5 cxd4 5. Qa4+ Bd7 6. Qxd4 exd5 7. Qxd5 Nf6
8. Qb3 Na6 9. Nf3 Nc5 10. Qc2 Rc8 11. e3 Bd6 12. Be2 O-O 13. O-O Qe7 14. Bd2 g6
15. Nd4 Ne6 16. Nxe6 Qxe6 17. Bf3 b5 18. Qd3 Qe5 19. g3 b4 20. Nd5 Nxd5 21.
Qxd5 Qxd5 22. Bxd5 Rc2 23. Rad1 Bg4 24. f3 Bh3 25. Rf2 Bc5 26. Bb3 Rxd2 27.
Rfxd2 Bxe3+ 28. Kh1 Bxd2 29. Rxd2 Re8 1/2-1/2

[Event "Lichtenberger Sommer 2023"]
[Site "Berlin"]
[Date "2023.08.20"]
[Round "9.26"]
[White "Wiechert, Hans"]
[Black "Villuela, Roberto"]
[Result "1-0"]
[WhiteElo "2151"]
[BlackElo "1775"]
[PlyCount "43"]
[EventDate "2023.??.??"]
[WhiteTeam "SC Untergrombach 46"]
[BlackTeam "SC Friesen Lichtenberg e.V."]

1. d4 d5 2. c4 e6 3. Nf3 Nf6 4. g3 Bb4+ 5. Bd2 Be7 6. Bg2 c6 7. Qc2 O-O 8. h4
Nbd7 9. Nc3 Re8 10. Rd1 Bd6 11. O-O e5 12. dxe5 Nxe5 13. cxd5 Nxd5 14. Nxd5
cxd5 15. Bc3 Qc7 16. Qb3 Nxf3+ 17. Bxf3 Bxg3 18. fxg3 Qxg3+ 19. Bg2 Rxe2 20.
Qxd5 Qe3+ 21. Kh1 Qe8 22. Qg5 1-0

[Event "Lichtenberger Sommer 2023"]
[Site "Berlin"]
[Date "2023.08.20"]
[Round "9.28"]
[White "Stark, Ingo"]
[Black "Stein, Siegfried"]
[Result "0-1"]
[WhiteElo "2106"]
[BlackElo "1730"]
[PlyCount "120"]
[EventDate "2023.??.??"]
[WhiteTeam "TSG Oberschöneweide e.V."]
[BlackTeam "SV Berolina Mitte e.V."]

1. e4 e5 2. Nf3 Nc6 3. Bb5 Bc5 4. c3 f5 5. Bxc6 dxc6 6. Nxe5 Bd6 7. d4 fxe4 8.
O-O Nf6 9. Bg5 Qe7 10. Nd2 Bf5 11. f3 e3 12. Bxe3 O-O-O 13. Ndc4 Nd5 14. Re1
Rhf8 15. Qa4 Kb8 16. Bf2 Qg5 17. Bg3 h5 18. Na5 Bxe5 19. Rxe5 h4 20. Qb3 Nb6
21. Bf2 Rd5 22. Rae1 Rxe5 23. Rxe5 Qc1+ 24. Re1 Qg5 25. Qb4 Rh8 26. Qe7 Qh6 27.
Qe5 Bc8 28. c4 Qg6 29. Kh1 Rh5 30. Qe7 Rxa5 31. Bxh4 Rh5 32. b3 Nd7 33. Kg1 Rf5
34. Re4 Rxf3 35. Bg3 Rf8 36. Re1 Qf7 37. h3 Qf6 38. Re4 g5 39. Kh2 Qxe7 40.
Rxe7 Rg8 41. d5 cxd5 42. cxd5 Rg6 43. Kg1 b6 44. Kf2 Kb7 45. Ke3 c6 46. Ke4
cxd5+ 47. Kxd5 a5 48. Bd6 Ka6 49. Kc6 Nc5 50. Kc7 Bb7 51. g3 Bd5 52. Rh7 Ne4
53. Be5 Re6 54. Bd4 Nxg3 55. Rg7 Ne4 56. Be3 Rc6+ 57. Kd7 Rd6+ 58. Kc7 Rc6+ 59.
Kd7 Rc3 60. Bxg5 Rxh3 0-1

[Event "Lichtenberger Sommer 2023"]
[Site "Berlin"]
[Date "2023.08.20"]
[Round "9.29"]
[White "Vandre, Wolfgang"]
[Black "Lorenz, Veronika"]
[Result "1-0"]
[WhiteElo "2095"]
[BlackElo "1668"]
[PlyCount "87"]
[EventDate "2023.??.??"]
[WhiteTeam "SC Berolina Mitte e.V."]
[BlackTeam "TSG Oberschöneweide e.V."]

1. e4 e5 2. Nf3 Nc6 3. Bc4 Nf6 4. Ng5 d5 5. exd5 Na5 6. Bb5+ c6 7. dxc6 bxc6 8.
Bd3 Ng4 9. Nf3 Bd6 10. h3 Nf6 11. Nc3 O-O 12. O-O Re8 13. Re1 Nb7 14. Bf1 e4
15. Ng5 Bf5 16. Bc4 Re7 17. d3 exd3 18. cxd3 Bg6 19. Rxe7 Qxe7 20. Be3 Nc5 21.
Qe2 Rd8 22. d4 Nce4 23. Ncxe4 Nxe4 24. Nxe4 Bxe4 25. Re1 Bb4 26. Rd1 Qd7 27.
Rc1 h6 28. Qg4 Bf5 29. Qf3 Re8 30. Bb3 Be4 31. Qg3 Kh8 32. Bc2 Bxc2 33. Rxc2 c5
34. Rc4 Qd5 35. b3 Re4 36. Qb8+ Kh7 37. dxc5 Rxc4 38. bxc4 Qxc4 39. Qe5 Qxa2
40. Qe4+ Kg8 41. Qxb4 Qa1+ 42. Kh2 a5 43. Qd4 Qa2 44. c6 1-0

[Event "Lichtenberger Sommer 2023"]
[Site "Berlin"]
[Date "2023.08.20"]
[Round "9.30"]
[White "Pueschel, Werner"]
[Black "Schülke, Rosalie"]
[Result "0-1"]
[WhiteElo "2054"]
[BlackElo "1387"]
[PlyCount "106"]
[EventDate "2023.??.??"]
[WhiteTeam "vereinslos"]
[BlackTeam "SV Königsjäger Süd-West e.V."]

1. b3 e5 2. Bb2 Nc6 3. g3 Nf6 4. Bg2 d5 5. d3 Bd7 6. Nd2 Bb4 7. a3 Ba5 8. e3
Qe7 9. b4 Bb6 10. c4 dxc4 11. Nxc4 Bg4 12. Qc2 Bd7 13. Ne2 Ng4 14. h3 Nh6 15.
O-O f6 16. b5 Nd8 17. Nxb6 cxb6 18. a4 Rc8 19. Qd2 Bf5 20. g4 Bg6 21. Bd5 Qd7
22. e4 Ne6 23. Ba3 Nc5 24. f3 Bf7 25. Bxc5 bxc5 26. Nc3 Bxd5 27. Nxd5 Nf7 28.
b6 a6 29. Nc7+ Kf8 30. Rfc1 Ng5 31. Kg2 h5 32. Qe3 hxg4 33. Qxc5+ Kf7 34. hxg4
Qxd3 35. Qd5+ Qxd5 36. Nxd5 Ne6 37. Rc7+ Rxc7 38. bxc7 Rc8 39. Rb1 Nf4+ 40.
Nxf4 exf4 41. Rxb7 Ke7 42. Ra7 Kd7 43. a5 Rxc7 44. Rxa6 Kc8 45. Rd6 Kb7 46. g5
fxg5 47. Kh3 Rc5 48. a6+ Ka7 49. Rg6 Ra5 50. Kg4 Rxa6 51. Rxg7+ Kb8 52. Kxg5
Ra7 53. Rxa7 Kxa7 0-1

[Event "Lichtenberger Sommer 2023"]
[Site "Berlin"]
[Date "2023.08.20"]
[Round "9.31"]
[White "Bruening, Wolfgang"]
[Black "Sabrowski, Uwe"]
[Result "0-1"]
[WhiteElo "1801"]
[BlackElo "2016"]
[PlyCount "56"]
[EventDate "2023.??.??"]
[WhiteTeam "vereinslos"]
[BlackTeam "SC Friesen Lichtenberg e.V."]

1. c4 f5 2. Nc3 Nf6 3. d3 g6 4. g3 Bg7 5. Bg2 O-O 6. e3 d6 7. Nge2 c6 8. Qb3
Kh8 9. O-O Nbd7 10. e4 e5 11. Bg5 Nc5 12. Qc2 Ne6 13. Bxf6 Rxf6 14. f4 Qc7 15.
fxe5 dxe5 16. exf5 gxf5 17. Bh3 Ng5 18. Bg2 Rd6 19. h4 Nf7 20. Rae1 Be6 21. b3
Qd7 22. Rf3 Rd8 23. Nc1 Nh6 24. a3 Ng4 25. b4 e4 26. c5 exf3 27. Bxf3 Rd4 28.
N3e2 Bd5 0-1

[Event "Lichtenberger Sommer 2023"]
[Site "Berlin"]
[Date "2023.08.20"]
[Round "9.32"]
[White "Oppermann, Peter"]
[Black "Heerde, Thomas"]
[Result "0-1"]
[WhiteElo "1796"]
[BlackElo "1956"]
[PlyCount "58"]
[EventDate "2023.??.??"]
[WhiteTeam "SK Bad Harzburg"]
[BlackTeam "SK Zehlendorf e.V."]

1. c4 g6 2. g3 Bg7 3. Bg2 e5 4. Nc3 d6 5. d3 f5 6. e4 Nc6 7. Nge2 Nf6 8. Bg5 h6
9. Bxf6 Qxf6 10. Nd5 Qf7 11. O-O g5 12. exf5 Bxf5 13. Nec3 a6 14. a4 h5 15. Qd2
Bh6 16. Ne4 O-O-O 17. b4 Nd4 18. Qd1 g4 19. b5 a5 20. Ra2 h4 21. f4 Rdf8 22.
Qe1 hxg3 23. hxg3 exf4 24. Nxf4 Qh7 25. Kf2 Bxf4 26. Rh1 Bxe4 27. gxf4 g3+ 28.
Ke3 Nf5+ 29. Kxe4 Re8+ 0-1

[Event "Lichtenberger Sommer 2023"]
[Site "Berlin"]
[Date "2023.08.20"]
[Round "9.33"]
[White "Sommer, Ingo"]
[Black "Heppert, Lars"]
[Result "0-1"]
[WhiteElo "1787"]
[BlackElo "1887"]
[PlyCount "68"]
[EventDate "2023.??.??"]
[WhiteTeam "SC Kreuzberg e.V."]
[BlackTeam "SK Neuburg"]

1. d4 Nf6 2. c4 g6 3. Nc3 Bg7 4. Nf3 d6 5. Bf4 O-O 6. Qd2 Re8 7. h3 c6 8. e4 e6
9. Be2 c5 10. d5 exd5 11. exd5 Nh5 12. Bh2 f5 13. O-O f4 14. Bd3 Rf8 15. Ne4 h6
16. Nxc5 g5 17. Ne6 Bxe6 18. dxe6 Nc6 19. Bg6 Nf6 20. Rfe1 Qe7 21. Rad1 Rad8
22. Bf7+ Kh8 23. b4 Ne5 24. Nxe5 dxe5 25. Qc3 Ne4 26. Qc2 Nd6 27. Qg6 Nxf7 28.
exf7 Qxb4 29. h4 gxh4 30. g3 fxg3 31. fxg3 h3 32. Qg4 Qc5+ 33. Kh1 Qc6+ 34. Kg1
Qg2# 0-1

[Event "Lichtenberger Sommer 2023"]
[Site "Berlin"]
[Date "2023.08.20"]
[Round "9.34"]
[White "Duppel, Yago"]
[Black "Pröschild, Matthias"]
[Result "1-0"]
[WhiteElo "1743"]
[BlackElo "1883"]
[PlyCount "67"]
[EventDate "2023.??.??"]
[WhiteTeam "SV Königsjäger Süd-West e.V."]
[BlackTeam "BSV 63 Chemie Weißensee"]

1. e4 d6 2. d4 Nf6 3. Nc3 g6 4. Bg5 Bg7 5. e5 Nfd7 6. exd6 cxd6 7. Qd2 Nf6 8.
h3 Bf5 9. Nf3 Nc6 10. O-O-O Qa5 11. a3 Rc8 12. Bd3 Bxd3 13. Qxd3 O-O 14. Qe3
Nd5 15. Nxd5 Qxd5 16. Kb1 Rfe8 17. Bh6 Bh8 18. h4 Qf5 19. Rd2 e5 20. dxe5 Nxe5
21. Nxe5 Rxe5 22. Qd3 Qf6 23. c3 d5 24. Be3 Qe7 25. Bxa7 Re6 26. Bd4 Bxd4 27.
Qxd4 Rc4 28. Qxd5 Re1+ 29. Rxe1 Qxe1+ 30. Ka2 Rxh4 31. Qd8+ Kg7 32. Qxh4 Qxd2
33. Qd4+ Qxd4 34. cxd4 1-0

[Event "Lichtenberger Sommer 2023"]
[Site "Berlin"]
[Date "2023.08.20"]
[Round "9.35"]
[White "Schmidt, Fabian"]
[Black "Knol, Jeffrey"]
[Result "0-1"]
[WhiteElo "1848"]
[BlackElo "1179"]
[PlyCount "92"]
[EventDate "2023.??.??"]
[WhiteTeam "SV Königsjäger Süd-West e.V."]
[BlackTeam "Schaakvereniging Almere"]

1. e4 e5 2. Nf3 Nc6 3. Bc4 Nf6 4. d3 Be7 5. O-O O-O 6. Re1 d6 7. a4 Be6 8. Nbd2
a6 9. a5 h6 10. Bxe6 fxe6 11. Nc4 Nd7 12. Be3 d5 13. exd5 exd5 14. Na3 Nxa5 15.
Bd2 Nc6 16. Bc3 Bf6 17. Qe2 Re8 18. h3 b5 19. Qd2 Qe7 20. Ba5 e4 21. c4 Nxa5
22. Qxa5 Bxb2 23. Ra2 Bxa3 24. Rxa3 Qd6 25. Nd4 exd3 26. Rxe8+ Rxe8 27. cxb5 d2
28. Ra1 axb5 29. Nxb5 Qc5 30. Kh2 Re1 31. Rxe1 dxe1=Q 32. Qxe1 Qxb5 33. Qe8+
Kh7 34. f4 Qc6 35. f5 Qd6+ 36. Kg1 Nf6 37. Qf7 Ne4 38. Kh1 c5 39. g4 d4 40. Qe8
Nf6 41. Qe2 Qd5+ 42. Kg1 d3 43. Qd2 Ne4 44. Qd1 Qd4+ 45. Kg2 Qf2+ 46. Kh1 Ng3#
0-1

[Event "Lichtenberger Sommer 2023"]
[Site "Berlin"]
[Date "2023.08.20"]
[Round "9.36"]
[White "Potgieter, Edward"]
[Black "Scheide, Helmut"]
[Result "1/2-1/2"]
[WhiteElo "1719"]
[BlackElo "1832"]
[PlyCount "30"]
[EventDate "2023.??.??"]
[WhiteTeam "Johannesburg Metro Chess"]
[BlackTeam "USV Potsdam e.V., Abt. Schach"]

1. e4 e5 2. Bc4 Nf6 3. d3 c6 4. Nf3 d5 5. Bb3 Nbd7 6. O-O Be7 7. Nc3 dxe4 8.
Nxe4 Nxe4 9. dxe4 O-O 10. Be3 Qc7 11. Qe2 Nf6 12. Bg5 h6 13. Bd2 Bg4 14. Bc3
Rad8 15. Rad1 Bh5 1/2-1/2

[Event "Lichtenberger Sommer 2023"]
[Site "Berlin"]
[Date "2023.08.20"]
[Round "9.37"]
[White "Wirth, Heinz"]
[Black "Kohlmeyer, Dagobert"]
[Result "1/2-1/2"]
[WhiteElo "2060"]
[BlackElo "1840"]
[PlyCount "92"]
[EventDate "2023.??.??"]
[WhiteTeam "SC Weisse Dame e.V."]
[BlackTeam "SG Weißensee 49 e.V."]

1. e4 e6 2. d4 d5 3. Nd2 dxe4 4. Nxe4 Nd7 5. Nf3 Ngf6 6. Bd3 Nxe4 7. Bxe4 Nf6
8. Bg5 h6 9. Bxf6 Qxf6 10. Qd3 c6 11. Ne5 Bd6 12. Nxc6 O-O 13. Ne5 Bxe5 14.
dxe5 Qxe5 15. O-O-O Qf4+ 16. Rd2 Rb8 17. g3 Qc7 18. f4 b5 19. Rhd1 f5 20. Bg2
a5 21. Qd6 Qxd6 22. Rxd6 Re8 23. Bc6 Re7 24. Bxb5 Rxb5 25. Rd8+ Kh7 26. Rxc8
Reb7 27. b3 a4 28. Rc4 axb3 29. cxb3 Kg6 30. Rc6 Re7 31. Rdd6 Kf6 32. Kc2 g5
33. a4 Rb4 34. Kc3 Re4 35. Rd4 Re2 36. Rd2 Re3+ 37. Rd3 Re2 38. b4 Rxh2 39. Rc4
Ra2 40. Kb3 Ra1 41. Kb2 Rxa4 42. Rd1 Rb7 43. Kc3 Ra3+ 44. Kc2 Ra2+ 45. Kd3 Ra3+
46. Kc2 Ra2+ 1/2-1/2

[Event "Lichtenberger Sommer 2023"]
[Site "Berlin"]
[Date "2023.08.20"]
[Round "9.38"]
[White "Braeunlin, Herbert"]
[Black "Willich, Manfred"]
[Result "1-0"]
[WhiteElo "2040"]
[BlackElo "1837"]
[PlyCount "105"]
[EventDate "2023.??.??"]
[WhiteTeam "Bräunlin Kolb Schälicke Al"]
[BlackTeam "SK Turm Bad Hersfeld"]

1. Nf3 Nf6 2. g3 d5 3. d4 c6 4. Bg2 Bf5 5. c4 dxc4 6. O-O Nbd7 7. Nc3 h6 8. Re1
(8. Nd2 Nb6 9. e4 Bg4 10. Nf3) 8... e6 9. Nd2 Nb6 10. e4 Bg4 11. Nf3 Be7 12.
Be3 O-O 13. Qc2 Bh5 14. Rad1 Bg6 15. Ne5 Bh7 16. Qe2 Bb4 17. f3 Qe7 18. Nxc4
Rfd8 19. Kh1 c5 20. dxc5 Bxc5 21. Nxb6 axb6 22. a3 Rxd1 23. Rxd1 Rd8 24. Rxd8+
Qxd8 25. b4 Bxe3 26. Qxe3 Bg6 27. Bf1 Ne8 28. Qd3 Qxd3 29. Bxd3 Nc7 30. Na4 Na8
31. g4 Kf8 32. Kg2 Ke7 33. Kf2 f6 34. Ke3 Be8 35. Nc3 Nc7 36. f4 Kd6 37. a4 Na6
38. b5 Nc5 39. Bc2 Bd7 40. Nd1 g5 41. f5 Ke5 42. Nb2 Kd6 43. Nc4+ Kc7 44. e5
fxe5 45. f6 Kd8 46. Nxe5 Ke8 47. Kd4 Bc8 48. a5 Nd7 49. f7+ Kf8 50. Nxd7+ Bxd7
51. a6 bxa6 52. bxa6 Bc6 53. Be4 1-0

[Event "Lichtenberger Sommer 2023"]
[Site "Berlin"]
[Date "2023.08.20"]
[Round "9.39"]
[White "Kandeler, Christian"]
[Black "Meister, Alexander"]
[Result "1-0"]
[WhiteElo "1804"]
[BlackElo "1926"]
[PlyCount "127"]
[EventDate "2023.??.??"]
[WhiteTeam "TSG Oberschöneweide e.V."]
[BlackTeam "SK Präsident"]

1. e4 c6 2. d4 d5 3. e5 c5 4. dxc5 e6 5. Nf3 Bxc5 6. Bd3 Ne7 7. O-O Ng6 8. Re1
Nc6 9. Nc3 O-O 10. Na4 Bb4 11. c3 Ba5 12. Nc5 Bc7 13. Bxg6 hxg6 14. h4 Qe7 15.
Nd3 Bd7 16. Be3 b6 17. Bf4 Rae8 18. g3 Qd8 19. Kg2 Ne7 20. Rh1 f6 21. Rh2 Kf7
22. Qd2 Rh8 23. Rah1 Reg8 24. g4 f5 25. g5 Rh5 26. Bg3 Nc6 27. Re1 Rgh8 28. Nf4
R5h7 29. Nd3 Ne7 30. Nb4 Bb5 31. Nd4 Qd7 32. Nd3 a5 33. Nf4 Bc6 34. Nfxe6 Qxe6
35. Nxe6 Kxe6 36. f3 Rd8 37. Qd3 b5 38. a4 bxa4 39. Bf2 Rb8 40. Rb1 Rb3 41. Bd4
Bb5 42. Qc2 Bc4 43. f4 Rh8 44. Bc5 Nc6 45. Kf2 Rhb8 46. h5 Bb6 47. Bxb6 R8xb6
48. h6 gxh6 49. Rxh6 Ne7 50. Rhh1 Kf7 51. Ke3 Ke8 52. Kd2 Kd7 53. Kc1 Nc8 54.
Ra1 Bb5 55. Qf2 Bc6 56. Rh2 Ne7 57. Qc5 Nc8 58. Rh7+ Kd8 59. Qf8+ Be8 60. Rh8
Re6 61. Rxa4 Rb5 62. b4 Nb6 63. Rxa5 Nc8 64. Rxb5 1-0

[Event "Lichtenberger Sommer 2023"]
[Site "Berlin"]
[Date "2023.08.20"]
[Round "9.40"]
[White "Zesewitz, Martin"]
[Black "Wadepfuhl, Jeremy"]
[Result "0-1"]
[WhiteElo "1916"]
[BlackElo "1789"]
[PlyCount "64"]
[EventDate "2023.??.??"]
[WhiteTeam "SV SF Friedrichshagen"]
[BlackTeam "SC Borussia Lichtenberg"]

1. f4 d5 2. Nf3 c5 3. e3 g6 4. Be2 Bg7 5. O-O Nc6 6. d3 Nf6 7. Qe1 O-O 8. Nbd2
Re8 9. e4 dxe4 10. dxe4 e5 11. f5 gxf5 12. Bc4 Na5 13. Bb5 Re7 14. c3 f4 15.
Qh4 Bd7 16. Bxd7 Qxd7 17. Kh1 Qg4 18. Qf2 b6 19. Rg1 Kh8 20. b4 cxb4 21. cxb4
Nc6 22. Ba3 Ree8 23. Rac1 Nd4 24. Nxe5 Rxe5 25. Qxd4 Nh5 26. Rge1 Ng3+ 27. Kg1
Ne2+ 28. Rxe2 Qxe2 29. Qd7 Ree8 30. Rc7 Rad8 31. Qxf7 Qd1+ 32. Nf1 Bd4+ 0-1

[Event "Lichtenberger Sommer 2023"]
[Site "Berlin"]
[Date "2023.08.20"]
[Round "9.41"]
[White "Mannaberg, Steffen"]
[Black "Ho, Ngoc Hai-Dang"]
[Result "0-1"]
[WhiteElo "1903"]
[BlackElo "1782"]
[PlyCount "112"]
[EventDate "2023.??.??"]
[WhiteTeam "vereinslos"]
[BlackTeam "SV Mattnetz Berlin e.V."]

1. d3 d5 2. e4 dxe4 3. dxe4 Qxd1+ 4. Kxd1 Nc6 5. c3 Nf6 6. f3 e5 7. Be3 Be6 8.
Kc2 O-O-O 9. Be2 a6 10. g4 Be7 11. h4 h5 12. g5 Nd7 13. Nd2 f6 14. Nh3 Bxh3 15.
Rxh3 fxg5 16. hxg5 g6 17. Bc4 Rdf8 18. b4 Nd8 19. Nb3 Nb6 20. Na5 Nxc4 21. Nxc4
Nf7 22. Rg1 Kd7 23. f4 exf4 24. Bxf4 b5 25. Rd3+ Ke6 26. Nd2 Bd6 27. e5 Bxe5
28. Re1 Re8 29. Bxe5 Nxe5 30. Nf3 Kf5 31. Rd5 Rh7 32. Nxe5 Rc8 33. Nf7+ Kf4 34.
Rd4+ Kg3 35. Ne5 Re8 36. Re3+ Kf2 37. Rf3+ Kg1 38. Rd2 Rxe5 39. Rg3+ Kf1 40.
Rh3 Kg1 41. Rg3+ Kf1 42. Rgg2 Rhe7 43. Rdf2+ Ke1 44. Rf6 R7e6 45. Rgf2 Rxf6 46.
Rxf6 Rxg5 47. Kd3 h4 48. Rxa6 h3 49. a4 bxa4 50. Rxa4 Kf2 51. Ke4 h2 52. Ra2+
Kg3 53. Ra1 Kg2 54. Ra2+ Kh3 55. Ra1 Rg1 56. Ra8 h1=Q+ 0-1

[Event "Lichtenberger Sommer 2023"]
[Site "Berlin"]
[Date "2023.08.20"]
[Round "9.42"]
[White "Geldner, Gerrit"]
[Black "Skowronski, Peter"]
[Result "1-0"]
[WhiteElo "1900"]
[BlackElo "1728"]
[PlyCount "61"]
[EventDate "2023.??.??"]
[WhiteTeam "SV Roter Turm Halle"]
[BlackTeam "vereinslos"]

1. c4 e6 2. e4 d5 3. cxd5 exd5 4. exd5 Qxd5 5. Nc3 Qd8 6. Nf3 Nf6 7. Bc4 Qe7+
8. Qe2 Qxe2+ 9. Kxe2 Bg4 10. Re1 Be7 11. Nb5 Bd6 12. Kf1+ Kf8 13. Ng5 Bh5 14.
b3 Nbd7 15. Nxd6 cxd6 16. Ba3 Nc5 17. d4 h6 18. Nh3 Nce4 19. Bd3 Bg6 20. Kg1
Rd8 21. Rac1 Ng5 22. Bxg6 Nxh3+ 23. gxh3 fxg6 24. Rc7 Nd5 25. Rxb7 Kg8 26. Rxa7
Kh7 27. Re6 Nf4 28. Rxd6 Rde8 29. Bb4 Re2 30. Rdd7 Ne6 31. d5 1-0

[Event "Lichtenberger Sommer 2023"]
[Site "Berlin"]
[Date "2023.08.20"]
[Round "9.43"]
[White "Jeß, Arne"]
[Black "Seth, Aakrit"]
[Result "1/2-1/2"]
[WhiteElo "1824"]
[BlackElo "1894"]
[PlyCount "107"]
[EventDate "2023.??.??"]
[WhiteTeam "TSG Rot-Weiß Fredersdorf/Vogelsd"]
[BlackTeam "SC Weisse Dame e.V."]

1. e4 c5 2. Nf3 g6 3. d4 cxd4 4. Nxd4 Bg7 5. Nc3 Nc6 6. Be3 Nf6 7. Bc4 O-O 8.
Bb3 d6 9. f3 Bd7 10. Qd2 Rc8 11. O-O-O Ne5 12. h4 h5 13. Kb1 Nc4 14. Bxc4 Rxc4
15. g4 a6 16. g5 Nh7 17. b3 Rc8 18. Nde2 f6 19. gxf6 Rxf6 20. f4 Bg4 21. Rde1
Kh8 22. Rhf1 Bxe2 23. Nxe2 Qc7 24. Bd4 e5 25. fxe5 dxe5 26. Bb2 Rd6 27. Qc1 Rc6
28. c3 Nf6 29. Qe3 Ng4 30. Qg3 Rf6 31. Ng1 Rcf8 32. Rxf6 Bxf6 33. Nf3 Qf7 34.
c4 Qe7 35. Rd1 Rd8 36. Rd5 Rxd5 37. cxd5 Kh7 38. Nh2 Bxh4 39. Qh3 Nxh2 40. Qxh2
Bf6 41. a4 Qb4 42. Ka2 Qd6 43. Ba3 Qd7 44. d6 Kh6 45. Qc2 Qc6 46. Qd3 Qd7 47.
Bb2 h4 48. Qd5 h3 49. Bxe5 Bxe5 50. Qxe5 g5 51. Qh8+ Kg6 52. e5 Qf5 53. Qg8+
Kh6 54. Qh8+ 1/2-1/2

[Event "Lichtenberger Sommer 2023"]
[Site "Berlin"]
[Date "2023.08.20"]
[Round "9.44"]
[White "Schmidt, Jürgen"]
[Black "Sakalli, Selcuk Orkun"]
[Result "1-0"]
[WhiteElo "1891"]
[BlackElo "1706"]
[PlyCount "69"]
[EventDate "2023.??.??"]
[WhiteTeam "SC Kreuzberg e.V."]
[BlackTeam "SC Zugzwang 95 e.V."]

1. e4 e5 2. Nf3 Nc6 3. Bb5 a6 4. Ba4 Nf6 5. O-O b5 6. Bb3 Nxe4 7. d4 d5 8. dxe5
Be6 9. Be3 Be7 10. c3 Nc5 11. Nbd2 Nd3 12. Nd4 Ncxe5 13. Nxe6 fxe6 14. Qh5+ g6
15. Qe2 g5 16. Bc2 Nxb2 17. Bd4 Bf6 18. Bxe5 Kd7 19. a4 Nc4 20. Nxc4 bxc4 21.
Rab1 Ra7 22. a5 h5 23. Ba4+ c6 24. Rb6 Bxe5 25. Qxe5 Rc7 26. Rfb1 Qc8 27. Qg7+
Kd6 28. Qxg5 h4 29. Qf4+ Kc5 30. Qe3+ Kd6 31. Bxc6 Rxc6 32. Rxc6+ Kxc6 33. Rb6+
Kc7 34. Qe5+ Kd7 35. Qg7+ 1-0

[Event "Lichtenberger Sommer 2023"]
[Site "Berlin"]
[Date "2023.08.20"]
[Round "9.45"]
[White "Matitschka, Heinz"]
[Black "Hoppe, Arthur"]
[Result "1/2-1/2"]
[WhiteElo "1883"]
[BlackElo "1591"]
[PlyCount "66"]
[EventDate "2023.??.??"]
[WhiteTeam "TSG Oberschöneweide e.V."]
[BlackTeam "SC Kreuzberg e.V."]

1. d4 Nf6 2. c4 e6 3. Nc3 Bb4 4. Qc2 b6 5. e4 Bb7 6. Bd3 Bxc3+ 7. bxc3 d6 8.
Nf3 Nbd7 9. O-O e5 10. Re1 h6 11. a4 a5 12. Rb1 O-O 13. c5 dxc5 14. Ba3 Qe7 15.
Nh4 g6 16. Nf3 Rfd8 17. d5 Nf8 18. c4 Bc8 19. Bb2 N6d7 20. Qd2 Kg7 21. Bc1 g5
22. h4 f6 23. Nh2 Ng6 24. hxg5 hxg5 25. Be2 Nb8 26. Qd1 Rh8 27. Rb3 Bd7 28. Rd3
Na6 29. Bg4 Qe8 30. Bxd7 Qxd7 31. Ng4 Rh4 32. f3 Rd8 33. Ne3 Ne7 1/2-1/2